[Event "Novi Sad Spens"]
[Site "Novi Sad"]
[Date "2025.07.06"]
[Round "8"]
[White "Ljepic, Andrej"]
[Black "Averin, Nikolay"]
[Result "1/2-1/2"]
[WhiteElo "2321"]
[BlackElo "2228"]
[PlyCount "80"]
[EventDate "2025.07.03"]
[EventType "tourn"]
[EventRounds "9"]
[EventCountry "SRB"]
[SourceTitle "CB28_2025"]
[SourceDate "2025.07.09"]
[SourceVersion "1"]
[SourceVersionDate "2025.07.09"]
[SourceQuality "1"]

1. e4 c5 2. Nc3 a6 3. g3 b5 4. Bg2 Bb7 5. d3 g6 6. Be3 d6 7. Qd2 Bg7 8. Nge2 Nc6 9. 0-0 Nd4 10. Nc1 h5 11. h3 e6 12. Nd1 Ne7 13. c3 Ndc6 14. Ne2 Rc8 15. d4 cxd4 16. cxd4 Qa5 17. Ndc3 b4 18. Nd1 d5 19. e5 Qb6 20. b3 a5 21. Nb2 Ba6 22. Na4 Qa7 23. Rfd1 Nf5 24. Rac1 0-0 25. Nf4 Ncxd4 26. Rxc8 Rxc8 27. Bxd4 Qxd4 28. Qxd4 Nxd4 29. Rxd4 Rc1+ 30. Kh2 Bxe5 31. Nd3 Bxd4 32. Nxc1 Bxf2 33. Bf3 Be3 34. Be2 Bxc1 35. Bxa6 Be3 36. Nb2 Bd4 37. Nd3 Kf8 38. Kg2 Ke7 39. Nf4 Kd6 40. Kf3 Bf6 1/2-1/2

[Event "Novi Sad Spens"]
[Site "Novi Sad"]
[Date "2025.07.05"]
[Round "6"]
[White "Ljepic, Andrej"]
[Black "Milosevic, Milos"]
[Result "1-0"]
[WhiteElo "2321"]
[BlackElo "2299"]
[PlyCount "139"]
[EventDate "2025.07.03"]
[EventType "tourn"]
[EventRounds "9"]
[EventCountry "SRB"]
[SourceTitle "CB28_2025"]
[SourceDate "2025.07.09"]
[SourceVersion "1"]
[SourceVersionDate "2025.07.09"]
[SourceQuality "1"]

1. e4 e6 2. d4 d5 3. e5 c5 4. c3 Ne7 5. Nf3 Nec6 6. a4 b6 7. Na3 Be7 8. Be2 0-0 9. 0-0 cxd4 10. cxd4 Nb4 11. Bd2 N8c6 12. Bc3 Bd7 13. Qd2 a5 14. Ne1 f6 15. exf6 Rxf6 16. Nf3 Rh6 17. Nb5 Be8 18. Rac1 Bh5 19. Bxb4 Bxb4 20. Qe3 Ne7 21. Bd3 Bxf3 22. Qxf3 Bd6 23. g3 Qd7 24. Qe2 Rf8 25. f4 Bb8 26. Rc3 Rhf6 27. Re1 g6 28. Bb1 Nc6 29. Re3 Nd8 30. Qg4 Qf7 31. Bd3 Kh8 32. Qh3 Qe7 33. Qg2 Qb4 34. Qc2 Qe7 35. Qc8 Bd6 36. Rf1 Bb4 37. Re2 Qg7 38. Ref2 Nf7 39. Qc7 Nd6 40. Qxg7+ Kxg7 41. Rc2 Nxb5 42. Bxb5 Rb8 43. Rff2 Rf7 44. Rfe2 Re7 45. Rc6 Kf7 46. Ba6 Ree8 47. Kf2 Bf8 48. Ke3 Red8 49. Rc7+ Be7 50. Kd3 Ra8 51. Bb5 Rac8 52. Rxc8 Rxc8 53. Bd7 Rc1 54. Bxe6+ Kf8 55. Bxd5 Rd1+ 56. Rd2 Rxd2+ 57. Kxd2 g5 58. Ke3 gxf4+ 59. Kxf4 Bf6 60. Ke4 Ke7 61. b3 Kd6 62. Bg8 h6 63. d5 Bc3 64. Kf5 Be1 65. Kg6 Bd2 66. g4 Bg5 67. h4 Bxh4 68. Kxh6 Be7 69. g5 Ke5 70. g6 1-0

[Event "Novi Sad Spens"]
[Site "Novi Sad"]
[Date "2025.07.03"]
[Round "2"]
[White "Bhavik, Ahuja"]
[Black "Ljepic, Andrej"]
[Result "0-1"]
[WhiteElo "2169"]
[BlackElo "2321"]
[PlyCount "156"]
[EventDate "2025.07.03"]
[EventType "tourn"]
[EventRounds "9"]
[EventCountry "SRB"]
[SourceTitle "CB28_2025"]
[SourceDate "2025.07.09"]
[SourceVersion "1"]
[SourceVersionDate "2025.07.09"]
[SourceQuality "1"]

1. e4 d6 2. Nc3 e5 3. Bc4 Nf6 4. d3 c6 5. Nf3 Be7 6. 0-0 0-0 7. Re1 Nbd7 8. a4 Qc7 9. d4 b6 10. Bg5 a6 11. dxe5 Nxe5 12. Nxe5 dxe5 13. Qe2 h6 14. Bh4 Bb7 15. Bb3 b5 16. axb5 axb5 17. Rxa8 Rxa8 18. f3 Qb6+ 19. Kh1 Qc7 20. Bf2 Nd7 21. Nd1 Nc5 22. Bxc5 Bxc5 23. Ne3 Rd8 24. Nf5 Kh7 25. Rd1 g6 26. Ng3 Kg7 27. Nf1 Ba7 28. g4 Qb6 29. Ng3 Rxd1+ 30. Qxd1 Bc8 31. Qf1 Ba6 32. Kg2 b4 33. Qe1 Qd4 34. Qa1 Qf2+ 35. Kh3 Bb5 36. c4 bxc3 37. bxc3 Qxf3 38. c4 Bd4 39. Qa2 Ba6 40. Qxa6 Qxb3 41. Qxc6 Qc3 42. Qd5 Qc2 43. Qb5 Kf6 44. Qd5 Kg7 45. Qb5 Qf2 46. Qd5 Kh7 47. c5 Bxc5 48. Qxe5 Bd4 49. Qd5 Qf6 50. Qb3 Kg7 51. Qd5 Be5 52. Qd3 Qf2 53. Nf1 Kf6 54. Qd8+ Kg7 55. Qd3 Qf6 56. Ng3 Qe6 57. Qf3 h5 58. Nf1 Kh6 59. Ne3 Kg5 60. Qg2 Bf4 61. Qf3 Qb3 62. gxh5 Qxe3 63. Qxe3 Bxe3 64. hxg6 Kxg6 65. Kg4 Kf6 66. Kf3 Bc1 67. Ke2 Ke5 68. Kf3 Bh6 69. Kg2 Kxe4 70. Kf2 f5 71. Ke2 f4 72. Kf2 Bg5 73. Ke2 Bh4 74. Kf1 Kf3 75. Kg1 Ke2 76. Kh1 f3 77. h3 f2 78. Kh2 Kf3 0-1

[Event "Vojvodina op 15th"]
[Site "Novi Sad"]
[Date "2025.07.01"]
[Round "8"]
[White "Janturin, Artur"]
[Black "Ljepic, Andrej"]
[Result "0-1"]
[WhiteElo "2361"]
[BlackElo "2358"]
[PlyCount "80"]
[EventDate "2025.06.25"]
[EventType "swiss"]
[EventRounds "9"]
[EventCountry "SRB"]
[SourceTitle "CB27_2025"]
[SourceDate "2025.07.02"]
[SourceVersion "1"]
[SourceVersionDate "2025.07.02"]
[SourceQuality "1"]

1. c4 e6 2. g3 Nf6 3. Bg2 d5 4. Nf3 dxc4 5. Qa4+ Bd7 6. Qxc4 Bc6 7. d4 Be7 8. 0-0 0-0 9. Nc3 a6 10. Qd3 b5 11. a3 Nbd7 12. Rd1 Bb7 13. b4 Nb6 14. Ne5 Bxg2 15. Kxg2 Bd6 16. Nc6 Qe8 17. Na5 e5 18. Bg5 e4 19. Qc2 Nbd5 20. Bxf6 Nxf6 21. e3 Qe6 22. Nb7 h5 23. h4 Qf5 24. Qe2 Kh8 25. Rdc1 Rfb8 26. Nxd6 cxd6 27. a4 Nd5 28. axb5 Nxc3 29. Rxc3 Rxb5 30. Rc6 Rab8 31. Ra5 d5 32. Rc5 g6 33. Raxb5 axb5 34. Kg1 Ra8 35. Rxb5 Ra1+ 36. Kg2 Rb1 37. Rb8+ Kg7 38. b5 Qd7 39. b6 Qc6 40. Qd2 Qc4 0-1

[Event "Vojvodina op 15th"]
[Site "Novi Sad"]
[Date "2025.06.29"]
[Round "6"]
[White "Demchenko, Anton"]
[Black "Ljepic, Andrej"]
[Result "1-0"]
[WhiteElo "2619"]
[BlackElo "2358"]
[PlyCount "67"]
[EventDate "2025.06.25"]
[EventType "swiss"]
[EventRounds "9"]
[EventCountry "SRB"]
[SourceTitle "CB27_2025"]
[SourceDate "2025.07.02"]
[SourceVersion "1"]
[SourceVersionDate "2025.07.02"]
[SourceQuality "1"]

1. e4 c5 2. Nf3 e6 3. d4 cxd4 4. Nxd4 a6 5. Bd3 Bc5 6. Nb3 Ba7 7. Qe2 Ne7 8. Be3 Nbc6 9. Nc3 b5 10. Bxa7 Rxa7 11. a4 b4 12. Nd5 0-0 13. Nxe7+ Qxe7 14. Qe3 d6 15. f4 Bd7 16. 0-0 Qf6 17. Na5 Qd4 18. Qxd4 Nxd4 19. Nc4 d5 20. exd5 exd5 21. Ne3 Bc6 22. b3 Re8 23. Rfe1 Rae7 24. Kf2 a5 25. Rad1 Ne6 26. Bb5 Bxb5 27. Nxd5 Rd7 28. axb5 Kf8 29. Nb6 Rb7 30. Nc4 Rxb5 31. Nd6 Rc5 32. Nxe8 Kxe8 33. Rd2 Ke7 34. Re5 1-0

[Event "SRB-ch 19th"]
[Site "Pirot"]
[Date "2025.06.08"]
[Round "9"]
[White "Radovic, Luka"]
[Black "Ljepic, Andrej"]
[Result "1/2-1/2"]
[WhiteElo "2317"]
[BlackElo "2336"]
[PlyCount "29"]
[EventDate "2025.05.31"]
[EventType "tourn"]
[EventRounds "9"]
[EventCountry "SRB"]
[EventCategory "6"]
[SourceTitle "CB24_2025"]
[SourceDate "2025.06.11"]
[SourceVersion "1"]
[SourceVersionDate "2025.06.11"]
[SourceQuality "1"]

1. Nf3 Nf6 2. b4 c6 3. Bb2 Qb6 4. a3 a5 5. Nc3 axb4 6. axb4 Rxa1 7. Qxa1 Qxb4 8. Qa8 Qxb2 9. Qxb8 Kd8 10. Ng5 Qa1+ 11. Nd1 Qa2 12. Nc3 Qa1+ 13. Nd1 Qa2 14. Nc3 Qa1+ 15. Nd1 1/2-1/2

[Event "SRB-ch 19th"]
[Site "Pirot"]
[Date "2025.05.31"]
[Round "1"]
[White "Ljepic, Andrej"]
[Black "Pap, Misa"]
[Result "0-1"]
[WhiteElo "2336"]
[BlackElo "2449"]
[PlyCount "94"]
[EventDate "2025.05.31"]
[EventType "tourn"]
[EventRounds "9"]
[EventCountry "SRB"]
[EventCategory "6"]
[SourceTitle "CB24_2025"]
[SourceDate "2025.06.11"]
[SourceVersion "1"]
[SourceVersionDate "2025.06.11"]
[SourceQuality "1"]

1. e4 c5 2. Nf3 g6 3. c3 d5 4. exd5 Qxd5 5. d4 Bg7 6. Be3 cxd4 7. cxd4 Nf6 8. Nc3 Qd8 9. Be2 0-0 10. 0-0 Be6 11. Ng5 Bd5 12. Nxd5 Nxd5 13. Bf3 e6 14. Ne4 Nc6 15. Nc3 Nxc3 16. bxc3 Rc8 17. Qe2 Na5 18. Rac1 b6 19. Qa6 Rc7 20. Bf4 Qc8 21. Qd3 Rd7 22. Qe2 Re8 23. h4 Nc4 24. h5 e5 25. Rfe1 Rdd8 26. Bg5 exd4 27. Bxd8 Rxe2 28. Bxe2 d3 29. Bxd3 Ne5 30. Rxe5 Bxe5 31. Bg5 Qg4 32. Be3 Qxh5 33. Be4 Qe2 34. Bd5 h5 35. Bb3 Bd6 36. Rd1 Bc5 37. Bd4 h4 38. a4 Qb2 39. Bd5 Qc2 40. Bf3 Kh7 41. a5 f5 42. a6 g5 43. Bxc5 bxc5 44. Rd7+ Kg6 45. Rd6+ Kg7 46. Rd7+ Kf6 47. Rxa7 Qb1+ 0-1

[Event "Gligoric Cup 11th"]
[Site "Paracin"]
[Date "2025.05.25"]
[Round "5.1"]
[White "Todorovic, Nemanja"]
[Black "Ljepic, Andrej"]
[Result "1/2-1/2"]
[WhiteElo "1977"]
[BlackElo "2336"]
[PlyCount "102"]
[EventDate "2025.05.22"]
[EventType "team-swiss"]
[EventRounds "5"]
[EventCountry "SRB"]
[SourceTitle "CB22_2025"]
[SourceDate "2025.05.28"]
[SourceVersion "1"]
[SourceVersionDate "2025.05.28"]
[SourceQuality "1"]
[WhiteTeam "Kac Jugovic"]
[BlackTeam "Jazak Uros"]
[WhiteTeamCountry "SRB"]
[BlackTeamCountry "SRB"]

1. e4 d6 2. Nc3 e5 3. h3 c6 4. d4 Nf6 5. Nf3 Nbd7 6. a3 Be7 7. Bc4 b5 8. Bd3 a6 9. Ne2 0-0 10. c3 c5 11. 0-0 Re8 12. Ng3 Bb7 13. Re1 Bf8 14. b4 exd4 15. cxd4 cxd4 16. Bb2 Ne5 17. Bxd4 Nxd3 18. Qxd3 d5 19. Bxf6 Qxf6 20. e5 Qg6 21. Qd4 Rac8 22. Nd2 Rc2 23. Re3 Be7 24. Ne2 Bd8 25. Nf4 Bb6 26. Qd3 Qxd3 27. Rxd3 Rxe5 28. Rf1 Kf8 29. Nf3 Rf5 30. Nd4 Bxd4 31. Rxd4 Rc4 32. Ne2 Re5 33. Rd2 Ke7 34. Rfd1 g6 35. Kf1 Kd6 36. Nd4 Rc3 37. Rd3 Rxd3 38. Rxd3 f6 39. Nb3 Bc6 40. Nc5 a5 41. f4 Re8 42. Kf2 Re7 43. Rd4 Re8 44. Rd3 Re7 45. Rd4 g5 46. g3 axb4 47. axb4 h6 48. Rd3 Re8 49. Rd4 Re7 50. Rd3 Re8 51. Rd4 Re7 1/2-1/2

[Event "Gligoric Cup 11th"]
[Site "Paracin"]
[Date "2025.05.24"]
[Round "3.1"]
[White "Kovacevic, Aleksandar"]
[Black "Ljepic, Andrej"]
[Result "1/2-1/2"]
[WhiteElo "2444"]
[BlackElo "2336"]
[PlyCount "126"]
[EventDate "2025.05.22"]
[EventType "team-swiss"]
[EventRounds "5"]
[EventCountry "SRB"]
[SourceTitle "CB22_2025"]
[SourceDate "2025.05.28"]
[SourceVersion "1"]
[SourceVersionDate "2025.05.28"]
[SourceQuality "1"]
[WhiteTeam "Novi Sad"]
[BlackTeam "Jazak Uros"]
[WhiteTeamCountry "SRB"]
[BlackTeamCountry "SRB"]

1. e4 c5 2. Nf3 Nc6 3. d4 cxd4 4. Nxd4 e5 5. Nb5 d6 6. c4 Be6 7. N1c3 a6 8. Na3 Nf6 9. Be2 Be7 10. Be3 0-0 11. 0-0 Rc8 12. Rc1 Kh8 13. Kh1 h6 14. Re1 Nd7 15. Bf1 Bg5 16. Nc2 Na5 17. b3 b5 18. Qxd6 bxc4 19. bxc4 Nxc4 20. Bxc4 Rxc4 21. Bxg5 hxg5 22. Ne3 Rd4 23. Qa3 Nf6 24. f3 g4 25. fxg4 Nxg4 26. Nxg4 Bxg4 27. Qxa6 Qg5 28. Qa3 Rfd8 29. Nd5 Be6 30. Qe7 Qxe7 31. Nxe7 Ra4 32. Nc6 Rd2 33. Nxe5 Raxa2 34. Rg1 Re2 35. Rce1 Kg8 36. Nf3 Reb2 37. Rb1 f6 38. Rxb2 Rxb2 39. Re1 Bc8 40. Kg1 Bb7 41. Re3 Ra2 42. h3 Ra4 43. e5 Bxf3 44. gxf3 fxe5 45. Rxe5 Ra2 46. Rg5 Kf7 47. Rg2 Ra3 48. Kf2 Kf6 49. Kg3 Kf5 50. Rb2 g6 51. Rb5+ Kf6 52. Kg4 Ra6 53. h4 Rc6 54. h5 gxh5+ 55. Rxh5 Kg7 56. Rg5+ Kf7 57. f4 Ra6 58. Rb5 Rc6 59. Kg5 Ra6 60. Rb7+ Kg8 61. f5 Kf8 62. f6 Ra1 63. Rb8+ Kf7 1/2-1/2

[Event "SRB-ch sf"]
[Site "Senta"]
[Date "2025.05.05"]
[Round "1"]
[White "Simonyi, Zoltan"]
[Black "Ljepic, Andrej"]
[Result "1/2-1/2"]
[WhiteElo "2092"]
[BlackElo "2336"]
[PlyCount "120"]
[EventDate "2025.05.05"]
[EventType "swiss"]
[EventRounds "9"]
[EventCountry "SRB"]
[SourceTitle "CB20_2025"]
[SourceDate "2025.05.14"]
[SourceVersion "1"]
[SourceVersionDate "2025.05.14"]
[SourceQuality "1"]

1. d4 e6 2. c4 Nf6 3. g3 Bb4+ 4. Bd2 c5 5. Bg2 0-0 6. d5 e5 7. Nc3 d6 8. e4 Bxc3 9. Bxc3 b5 10. cxb5 Qb6 11. Qe2 Bd7 12. Bf1 a6 13. bxa6 Nxa6 14. f3 Ne8 15. g4 Nec7 16. Qd2 Bb5 17. Ne2 Nb4 18. Ng3 Nxa2 19. Bxb5 Nxb5 20. 0-0 Ra7 21. Nf5 f6 22. Rae1 Rfa8 23. Rf2 Naxc3 24. bxc3 g6 25. Ne3 Ra1 26. Kg2 R1a2 27. Qd3 Rxf2+ 28. Kxf2 Ra2+ 29. Re2 Rxe2+ 30. Kxe2 Na3 31. h4 Qb2+ 32. Qd2 Qb3 33. Qd3 c4 34. Qd1 Qa2+ 35. Qd2 Qb1 36. Qd1 Qb2+ 37. Qd2 Qb3 38. Qd1 Kf7 39. Qxb3 cxb3 40. Nd1 Nc4 41. Kd3 b2 42. Kc2 Nd2 43. Nxb2 Nxf3 44. Nc4 Ke7 45. h5 Kd7 46. hxg6 hxg6 47. Kd3 Kc7 48. Ke2 Ng5 49. Ke3 Nf7 50. Na5 Nd8 51. Nc4 Nb7 52. Nd2 Kb6 53. Nf3 Kb5 54. Nh4 g5 55. Nf5 Kc4 56. Kd2 Kb3 57. Kd3 Nc5+ 58. Ke3 Nb7 59. Kd3 Nc5+ 60. Ke3 Nb7 1/2-1/2

[Event "Vojvodina Cup-chT"]
[Site "Senta"]
[Date "2025.04.26"]
[Round "3.2"]
[White "Ljepic, Andrej"]
[Black "Cuzovic, Ognjen"]
[Result "1/2-1/2"]
[WhiteElo "2318"]
[BlackElo "2103"]
[PlyCount "43"]
[EventDate "2025.04.24"]
[EventType "team-swiss"]
[EventRounds "5"]
[EventCountry "SRB"]
[SourceTitle "CB18_2025"]
[SourceDate "2025.04.30"]
[SourceVersion "1"]
[SourceVersionDate "2025.04.30"]
[SourceQuality "1"]
[WhiteTeam "Jazak Car Uros"]
[BlackTeam "Novi Sad 64"]
[WhiteTeamCountry "SRB"]
[BlackTeamCountry "SRB"]

1. e4 c6 2. d3 d5 3. Nd2 e6 4. Ngf3 Nf6 5. g3 Be7 6. Bg2 c5 7. 0-0 0-0 8. e5 Nfd7 9. c4 dxc4 10. dxc4 Nc6 11. Qe2 Qc7 12. Re1 b6 13. b3 Bb7 14. Bb2 Rfd8 15. Rad1 Nf8 16. h4 Rd7 17. Ne4 Rad8 18. Rxd7 Nxd7 19. Neg5 Nf8 20. Ne4 Nd7 21. Neg5 Nf8 22. Ne4 1/2-1/2

[Event "World Schools U17"]
[Site "Vrnjacka Banja"]
[Date "2025.03.25"]
[Round "6"]
[White "Gusev, Mikhail"]
[Black "Ljepic, Andrej"]
[Result "0-1"]
[WhiteElo "2250"]
[BlackElo "2337"]
[PlyCount "66"]
[EventDate "2025.03.20"]
[EventType "swiss"]
[EventRounds "9"]
[EventCountry "SRB"]
[SourceTitle "CB14_2025"]
[SourceDate "2024.11.01"]
[SourceVersion "1"]
[SourceVersionDate "2024.11.01"]
[SourceQuality "1"]

1. e4 c5 2. Nf3 e6 3. d4 cxd4 4. Nxd4 a6 5. Bd3 Bc5 6. Nb3 Ba7 7. 0-0 Nc6 8. Qg4 Nf6 9. Qxg7 Rg8 10. Qh6 Ne5 11. h3 Rg6 12. Qf4 Bb8 13. Qe3 Qc7 14. Rd1 Nxd3 15. cxd3 Qh2+ 16. Kf1 Qxg2+ 17. Ke2 Rg3 18. Qd4 Qf3+ 19. Kd2 Ba7 20. fxg3 Bxd4 21. Nxd4 Qf2+ 22. Kc3 d5 23. e5 Bd7 24. exf6 Rc8+ 25. Kb3 Qxd4 26. a4 Qb6+ 27. Ka3 Qc5+ 28. Ka2 Bxa4 29. Re1 Qb4 30. Nd2 Bc2 31. b3 Qa5+ 32. Kb2 Qc3+ 33. Ka2 Rc5 0-1

[Event "World Schools U17"]
[Site "Vrnjacka Banja"]
[Date "2025.03.21"]
[Round "2"]
[White "Zdravkovic, Filip"]
[Black "Ljepic, Andrej"]
[Result "0-1"]
[WhiteElo "1963"]
[BlackElo "2337"]
[PlyCount "86"]
[EventDate "2025.03.20"]
[EventType "swiss"]
[EventRounds "9"]
[EventCountry "SRB"]
[SourceTitle "CB14_2025"]
[SourceDate "2024.11.01"]
[SourceVersion "1"]
[SourceVersionDate "2024.11.01"]
[SourceQuality "1"]

1. e4 c5 2. Nf3 Nc6 3. d4 cxd4 4. Nxd4 e5 5. Nb5 d6 6. c4 a6 7. N5c3 Nf6 8. Be2 Be7 9. 0-0 0-0 10. Be3 Be6 11. f3 Rc8 12. Nd5 Bxd5 13. exd5 Nb8 14. Nc3 Nbd7 15. Rc1 Nh5 16. Qd2 f5 17. b4 Nf4 18. Bxf4 exf4 19. Bd3 Qb6+ 20. Kh1 Qxb4 21. Rb1 Qa5 22. Rxb7 Rc7 23. Rxc7 Qxc7 24. Qxf4 Nc5 25. Bb1 g6 26. Ne2 Bf6 27. Nd4 Bxd4 28. Qxd4 Qe7 29. g4 Qe2 30. Kg1 fxg4 31. Qxg4 Qe3+ 32. Kh1 Kg7 33. f4 Qd4 34. Qe2 Rxf4 35. Rxf4 Qxf4 36. Kg2 Kf6 37. Qb2+ Kg5 38. Qc3 Nd7 39. Qd3 Ne5 40. Qe2 Nxc4 41. Qe7+ Kh6 42. Qe2 Ne3+ 43. Kh3 Kg5 0-1

[Event "Wch U20 62nd"]
[Site "Petrovac"]
[Date "2025.03.06"]
[Round "10"]
[White "Mierins, Emils Janis"]
[Black "Ljepic, Andrej"]
[Result "0-1"]
[WhiteElo "2229"]
[BlackElo "2341"]
[PlyCount "70"]
[EventDate "2025.02.25"]
[EventType "swiss"]
[EventRounds "11"]
[EventCountry "MNE"]
[SourceTitle "CB11_2025"]
[SourceDate "2025.03.12"]
[SourceVersion "1"]
[SourceVersionDate "2025.03.12"]
[SourceQuality "1"]

1. e4 c5 2. Nf3 e6 3. d4 cxd4 4. Nxd4 a6 5. Bd3 Bc5 6. Nb3 Ba7 7. Nc3 Nc6 8. Qe2 Nge7 9. Be3 d6 10. h4 b5 11. h5 b4 12. Nd1 h6 13. Qg4 Bxe3 14. Nxe3 0-0 15. 0-0-0 a5 16. Kb1 a4 17. Nc1 e5 18. Nf5 Nxf5 19. exf5 a3 20. Nb3 Qf6 21. Be4 Ra6 22. Rh3 Ne7 23. Qe2 Rd8 24. g4 d5 25. Qd2 Rad6 26. Bh1 Ba6 27. Rg3 Bc4 28. Qxb4 axb2 29. Qc3 Ra6 30. Qxc4 dxc4 31. Rxd8+ Kh7 32. Nc5 Qb6 33. Nxa6 Qxd8 34. Be4 Qd1+ 35. Kxb2 Qd4+ 0-1

[Event "Wch U20 62nd"]
[Site "Petrovac"]
[Date "2025.02.28"]
[Round "4"]
[White "Razafindratsima, Timothe"]
[Black "Ljepic, Andrej"]
[Result "1-0"]
[WhiteElo "2472"]
[BlackElo "2341"]
[PlyCount "88"]
[EventDate "2025.02.25"]
[EventType "swiss"]
[EventRounds "11"]
[EventCountry "MNE"]
[SourceTitle "CB11_2025"]
[SourceDate "2025.03.12"]
[SourceVersion "1"]
[SourceVersionDate "2025.03.12"]
[SourceQuality "1"]

1. Nf3 c5 2. c4 Nc6 3. g3 g6 4. Bg2 Bg7 5. Nc3 e6 6. 0-0 Nge7 7. e4 0-0 8. d3 d6 9. Rb1 a6 10. Be3 b5 11. e5 dxe5 12. Bxc5 Rb8 13. b4 f5 14. Qb3 Qd7 15. Rfe1 Re8 16. Rbd1 h6 17. d4 Nxd4 18. Nxd4 exd4 19. Ne2 Nc6 20. a4 bxa4 21. Qxa4 Nxb4 22. Qxd7 Bxd7 23. Nxd4 Ba4 24. Rd2 e5 25. Ra1 exd4 26. Rxa4 Re1+ 27. Bf1 Nc6 28. Rxa6 Ne5 29. Kg2 Rbb1 30. Bxd4 Rxf1 31. Ra8+ Kf7 32. Ra7+ Ke6 33. Rxg7 Rg1+ 34. Kh3 Nxc4 35. Re2+ Kd5 36. Rd7+ Kc6 37. Rd8 Rge1 38. Rc2 Rbc1 39. Rc8+ Kd5 40. Rc5+ Ke4 41. R2xc4 Rxc4 42. Rxc4 Kd3 43. Rb4 Re4 44. Bc5 Re5 1-0

[Event "Senta Fantastico op 03"]
[Site "Senta"]
[Date "2025.02.09"]
[Round "8.9"]
[White "Ljepic, Andrej"]
[Black "Lajthajm, Borko"]
[Result "1/2-1/2"]
[WhiteElo "2341"]
[BlackElo "2330"]
[PlyCount "58"]
[EventDate "2025.02.05"]
[EventType "swiss"]
[EventRounds "9"]
[EventCountry "SRB"]
[SourceTitle "CB08_2025"]
[SourceDate "2025.02.19"]
[SourceVersion "1"]
[SourceVersionDate "2025.02.19"]
[SourceQuality "1"]

1. e4 c6 2. d4 d5 3. e5 Bf5 4. Nc3 e6 5. g4 Bg6 6. Nge2 Bb4 7. h4 h6 8. a3 Bxc3+ 9. bxc3 Nd7 10. Nf4 Ne7 11. Be3 Bh7 12. Nh5 Rg8 13. Qd2 Qa5 14. Rh2 0-0-0 15. f4 Nb6 16. f5 exf5 17. g5 hxg5 18. hxg5 Bg6 19. Nf4 Nc4 20. Qd3 Rh8 21. Rxh8 Rxh8 22. Bd2 Rh4 23. Qf3 Rh2 24. Bg2 Qb6 25. Bc1 Qa5 26. Kf2 Qa4 27. Qe2 Qa5 28. Qf3 Qa4 29. Qe2 Qa5 1/2-1/2

[Event "Senta Fantastico op 03"]
[Site "Senta"]
[Date "2025.02.08"]
[Round "7.10"]
[White "Jake, Shanty"]
[Black "Ljepic, Andrej"]
[Result "1/2-1/2"]
[WhiteElo "2307"]
[BlackElo "2341"]
[PlyCount "110"]
[EventDate "2025.02.05"]
[EventType "swiss"]
[EventRounds "9"]
[EventCountry "SRB"]
[SourceTitle "CB08_2025"]
[SourceDate "2025.02.19"]
[SourceVersion "1"]
[SourceVersionDate "2025.02.19"]
[SourceQuality "1"]

1. c4 e6 2. Nc3 Bb4 3. e4 c5 4. Nge2 Nc6 5. d3 Nge7 6. a3 Ba5 7. Be3 b6 8. d4 Bxc3+ 9. Nxc3 cxd4 10. Bxd4 Nxd4 11. Qxd4 0-0 12. Be2 f5 13. 0-0 Nc6 14. Qd6 f4 15. e5 Qe7 16. Qxe7 Nxe7 17. Rad1 Ng6 18. Bf3 Rb8 19. Rfe1 Rf5 20. Be4 Rxe5 21. Bxg6 Rxe1+ 22. Rxe1 hxg6 23. Re4 g5 24. f3 Bb7 25. Re5 Rc8 26. b3 d5 27. Rxe6 dxc4 28. b4 Kf7 29. Rd6 Bc6 30. b5 Be8 31. Kf2 Rc5 32. a4 Ke7 33. Rd4 Bg6 34. h4 gxh4 35. Rxf4 h3 36. gxh3 Bf5 37. h4 Be6 38. Rd4 Rh5 39. Ke3 Rh8 40. Ne2 Bf7 41. Nc3 Rh5 42. Rg4 g6 43. Rf4 Be6 44. Kd4 Rc5 45. Ke3 Rc8 46. Rd4 Rh8 47. Rf4 Ra8 48. Rd4 Rh8 49. Kf2 Rh5 50. Ke3 Re5+ 51. Kd2 Bf7 52. Rf4 Bg8 53. Rg4 Bf7 54. Rf4 Rh5 55. Ke3 Be6 1/2-1/2

[Event "New Zagreb op"]
[Site "Zagreb"]
[Date "2025.02.01"]
[Round "3"]
[White "Ljepic, Andrej"]
[Black "Friscic, Matej"]
[Result "1-0"]
[WhiteElo "2341"]
[BlackElo "1991"]
[PlyCount "65"]
[EventDate "2025.01.31"]
[EventType "swiss"]
[EventRounds "5"]
[EventCountry "CRO"]
[SourceTitle "CB07_2025"]
[SourceDate "2025.02.12"]
[SourceVersion "1"]
[SourceVersionDate "2025.02.12"]
[SourceQuality "1"]

1. e4 c6 2. d4 d5 3. e5 Bf5 4. h4 h5 5. c4 dxc4 6. Bxc4 e6 7. Nc3 Be7 8. Be2 Bxh4 9. g3 Be7 10. Bxh5 Bg6 11. Bf3 Rxh1 12. Bxh1 Na6 13. a3 Nh6 14. Nge2 Qd7 15. Nf4 Bf5 16. Bf3 Nc7 17. g4 Bh7 18. Nh5 g5 19. Be3 Bg6 20. Nf6+ Bxf6 21. exf6 0-0-0 22. Bxg5 Ng8 23. Qd2 Qxd4 24. Qxd4 Rxd4 25. Be3 Rd8 26. g5 e5 27. Bxa7 Bf5 28. Bb6 e4 29. Bxc7 Kxc7 30. Bxe4 Re8 31. f3 Re5 32. Kf2 Bxe4 33. Nxe4 1-0

[Event "EU-ch 24th"]
[Site "Petrovac"]
[Date "2024.11.19"]
[Round "11"]
[White "Gevorgyan, David"]
[Black "Ljepic, Andrej"]
[Result "1/2-1/2"]
[WhiteElo "2247"]
[BlackElo "2365"]
[PlyCount "80"]
[EventDate "2024.11.08"]
[EventType "swiss"]
[EventRounds "11"]
[EventCountry "MNE"]
[SourceTitle "CB47_2024"]
[SourceDate "2024.11.20"]
[SourceVersion "1"]
[SourceVersionDate "2024.11.20"]
[SourceQuality "1"]

1. d4 d6 2. e4 Nf6 3. Nc3 e5 4. Nf3 Nbd7 5. Bc4 Be7 6. a4 0-0 7. 0-0 c6 8. a5 Rb8 9. Re1 b5 10. axb6 axb6 11. Bf1 b5 12. b3 Bb7 13. Bb2 Qc7 14. Qd2 Rfe8 15. Bd3 Bf8 16. dxe5 dxe5 17. Qg5 h6 18. Qe3 Bc5 19. Qe2 Nf8 20. Nd1 Ng6 21. g3 Bc8 22. Ne3 Bh3 23. Kh1 Bd7 24. Nd2 Ra8 25. f3 Qb7 26. Ndf1 Bh3 27. Nf5 Rxa1 28. Rxa1 Ra8 29. Qe1 Rxa1 30. Qxa1 Ba7 31. Qa5 Bb6 32. Qa1 Ba7 33. Qa5 Qd7 34. N1e3 Nh7 35. Qe1 Ng5 36. Qd1 Qd8 37. Bc1 Nf8 38. Be2 Qb6 39. Bf1 Bxf1 40. Qxf1 Qd8 1/2-1/2

[Event "EU-ch 24th"]
[Site "Petrovac"]
[Date "2024.11.08"]
[Round "1"]
[White "Ljepic, Andrej"]
[Black "Svane, Frederik"]
[Result "0-1"]
[WhiteElo "2365"]
[BlackElo "2654"]
[PlyCount "158"]
[EventDate "2024.11.08"]
[EventType "swiss"]
[EventRounds "11"]
[EventCountry "MNE"]
[SourceTitle "CB47_2024"]
[SourceDate "2024.11.20"]
[SourceVersion "1"]
[SourceVersionDate "2024.11.20"]
[SourceQuality "1"]

1. e4 c5 2. c3 Nf6 3. e5 Nd5 4. Nf3 d6 5. d4 cxd4 6. Qxd4 e6 7. Bb5+ Nc6 8. exd6 Bd7 9. Qg4 Nf6 10. Qf4 Qb8 11. 0-0 Bxd6 12. Qh4 Ne7 13. Bxd7+ Nxd7 14. Nbd2 Nf5 15. Qc4 Qc7 16. Qxc7 Bxc7 17. b3 0-0-0 18. Ba3 Nf6 19. Nc4 Nh6 20. Bc5 b6 21. Bd4 Kb7 22. a4 Nf5 23. Be5 Nd5 24. Bxc7 Nxc7 25. a5 f6 26. g4 Ne7 27. Ne3 e5 28. axb6 axb6 29. Ra2 Rd3 30. Rfa1 Rxc3 31. Nd2 Nb5 32. Ne4 Rd3 33. Nc4 Rhd8 34. Ne3 Rxb3 35. h4 Rb4 36. Ng3 g6 37. Kg2 Nd5 38. Nxd5 Rxd5 39. Ra8 Rxg4 40. Rf8 Rxh4 41. Rxf6 Rf4 42. Re6 Nc7 43. Re7 h5 44. Rc1 Rc5 45. Rxc5 bxc5 46. Rxe5 Kb6 47. Rg5 Rf6 48. Rxc5 Rxf2+ 49. Kxf2 Kxc5 50. Kg2 Ne6 51. Kh3 Ng5+ 52. Kh4 Nf3+ 53. Kh3 Kd4 54. Ne2+ Ke3 55. Nc3 Kf4 56. Ne2+ Kg5 57. Kg3 Nd2 58. Nc3 Kf5 59. Kh4 Nf3+ 60. Kg3 Nd4 61. Kh4 Kf4 62. Nd5+ Ke5 63. Nc3 Ne6 64. Ne2 Kf6 65. Ng3 Ng7 66. Ne4+ Ke5 67. Nf2 Kf5 68. Nd1 Kf4 69. Kh3 g5 70. Kg2 Nf5 71. Nc3 g4 72. Nd5+ Kg5 73. Kh2 h4 74. Kg2 h3+ 75. Kh2 Kh4 76. Nf4 g3+ 77. Kh1 Kg4 78. Ne2 Nh4 79. Ng1 g2+ 0-1